000 00999nam a2200205Ia 4500
999 _c39405
_d39405
001 5995
003 GE_BSU
005 20190702162759.0
008 181216s1976|||| |||||||||||||| ||geo||
041 _ageo
080 _a624.04+624.041.1 ა-89
100 _aასტვაცატუროვი, ა.
_9346
245 _aსამშენებლო მექანიკა : პეციალური კურსი.ნაშენთა მდგრადობა და დინამიკა /
_cა. ასტვაცატუროვი ; რედ : ლ. მაღულარია.
250 _aმე-2 გადამუშ. შევს. გამოც.
264 _aთბილისი :
_bგანათლება,
_c1976.
300 _a416 გვ .:
_bცხრ.
_c22 სმ.
653 _aსამშენებლო მაქანიკა
700 _aმაღულარია, ლ
_eრედაქტორი
_93153
942 _cBK
_2udc